Further Experiences of An Irish R.M / (Record no. 187227)
[ view plain ]
| 000 -LEADER | |
|---|---|
| fixed length control field | 00814 a2200169 4500 |
| 003 - CONTROL NUMBER IDENTIFIER | |
| control field | NUST |
| 005 - DATE AND TIME OF LATEST TRANSACTION | |
| control field | 20230131154047.0 |
| 040 ## - CATALOGING SOURCE | |
| Transcribing agency | Nust |
| 082 ## - DEWEY DECIMAL CLASSIFICATION NUMBER | |
| Classification number | 941.5,SOM |
| 100 ## - MAIN ENTRY--PERSONAL NAME | |
| Personal name | Somerville .E. Ce |
| 9 (RLIN) | 108298 |
| 245 ## - TITLE STATEMENT | |
| Title | Further Experiences of An Irish R.M / |
| Statement of responsibility, etc. | E Ce Somerville and martin Ross |
| 260 ## - PUBLICATION, DISTRIBUTION, ETC. | |
| Place of publication, distribution, etc. | London |
| Name of publisher, distributor, etc. | Thomas Nelson |
| 300 ## - PHYSICAL DESCRIPTION | |
| Extent | 288:p. |
| 505 ## - FORMATTED CONTENTS NOTE | |
| Formatted contents note | The Pug Nosed Fox (Page-7), A Royal Command (Page-37), Poisson D’avril (Page-57), The Man That Came To Buy Applies (Page-76), A Conspiracy Of Silence (Page-100), The Boats Share (Page-132), The Last Day Of Shraft (Page-155), A Horse Part 1 (Page-180), A Horse Part 2 (Page-198), Sharper Than A Ferret’s Tooth (Page-215), Owneen The Sprat (Page-237), The White Boys (Page-261). |
| 650 ## - SUBJECT ADDED ENTRY--TOPICAL TERM | |
| Topical term or geographic name entry element | Ireland Geography |
| 9 (RLIN) | 108299 |
| 942 ## - ADDED ENTRY ELEMENTS (KOHA) | |
| Source of classification or shelving scheme | |
| Koha item type | Book |
| Call number prefix | 941.5,SOM |
| Withdrawn status | Lost status | Source of classification or shelving scheme | Damaged status | Not for loan | Permanent Location | Current Location | Shelving location | Date acquired | Full call number | Barcode | Date last seen | Price effective from | Koha item type | Public note |
|---|---|---|---|---|---|---|---|---|---|---|---|---|---|---|
| Military College of Signals (MCS) | Military College of Signals (MCS) | General Stacks | 12/12/2016 | 941.5,SOM | MCS29048 | 12/08/2016 | 12/12/2016 | Book | Almirah No.60, Shelf No.4 |
